Stavebná mechanika I.diel

Saved in:
Bibliographic Details
Main Author: Sobota, Ján (Author)
Format: Book
Language:Slovak
Published: Bratislava : SVŠT v Bratislave, 1976
Edition:1.vyd. - 2.dotlač
Tags: Add Tag
No Tags, Be the first to tag this record!

MARC

LEADER 00000nam a22000003a 4500
001 stu92006
005 20150617225622.0
008 041208s1976----cs------------------slo-d
040 |a STU  |b slo 
041 0 |a slo 
044 |a cs 
080 |a 624.04(075.8) 
100 1 |a Sobota, Ján  |4 aut 
245 1 |a Stavebná mechanika I.diel 
250 |a 1.vyd. - 2.dotlač 
260 |a Bratislava :  |b SVŠT v Bratislave,  |c 1976 
300 |a 274 s 
996 |b 284V024688  |c V*1159/S-76  |l VVS  |s A  |a 24  |w stu92006_0001